000 00326nab a22001097u 4500
008 130520b1987 xxu||||| |||| 00| 0 spa d
041 _aspa
100 1 _aLau, E. E.
_967417
245 0 0 _aTrabajo de religiosas y seglares en la Iglesia
_cE. E. Lau
773 0 _tConcilium
_gV.2,1987,págs.431-436
_x0210-1041
_wRev134
942 _cAR
999 _c355324
_d355324